书目信息 |
| 题名: |
汽车动力总成振动与噪声控制
|
|
| 作者: | 刘显臣 编著 | |
| 分册: | ||
| 出版信息: | 北京 机械工业出版社 2020.6 |
|
| 页数: | 270页 | |
| 开本: | 26cm | |
| 丛书名: | 汽车先进技术论坛丛书 | |
| 单 册: | ||
| 中图分类: | U463.2 | |
| 科图分类: | ||
| 主题词: | 汽车--动力系统--振动 , 汽车--动力系统--噪声控制 | |
| 电子资源: | ||
| ISBN: | 978-7-111-65303-5 | |
| 000 | 01049nam0 2200277 45 | |
| 001 | 012001002543 | |
| 005 | 20140914135019.0 | |
| 010 | @a978-7-111-65303-5@dCNY89.00 | |
| 100 | @a20201010d2020 em y0chiy50 ea | |
| 101 | 0 | @achi |
| 102 | @aCN@b110000 | |
| 105 | @aa z 000yy | |
| 106 | @ar | |
| 200 | 1 | @a汽车动力总成振动与噪声控制@Aqi che dong li zong cheng zhen dong yu zao sheng kong zhi@b专著@f刘显臣编著 |
| 210 | @a北京@c机械工业出版社@d2020.6 | |
| 215 | @a270页@c图,照片@d26cm | |
| 225 | 2 | @a汽车先进技术论坛丛书 |
| 330 | @a本书共8章,内容包括:发动机振动与噪声控制、电机振动和噪声控制、变速器振动与噪声控制、附件振动与噪声控制、进气系统振动及噪声控制、排气系统振动与噪声控制、驱动系统振动与噪声控制、动力总成振动与噪声性能集成。 | |
| 410 | 0 | @12001 @a汽车先进技术论坛丛书 |
| 461 | 0 | @12001 @a汽车先进技术论坛丛书 |
| 606 | 0 | @a汽车@x动力系统@x振动 |
| 606 | 0 | @a汽车@x动力系统@x噪声控制 |
| 690 | @aU463.2@v5 | |
| 701 | 0 | @a刘显臣@Aliu xian chen@4编著 |
| 801 | 2 | @aCN@bBJSDL@c20211018 |
| 905 | @b1344294-7@dU463.2@e1097@f4 | |
| 汽车动力总成振动与噪声控制/刘显臣编著.-北京:机械工业出版社,2020.6 |
| 270页:图,照片;26cm.-(汽车先进技术论坛丛书) |
| ISBN 978-7-111-65303-5:CNY89.00 |
| 本书共8章,内容包括:发动机振动与噪声控制、电机振动和噪声控制、变速器振动与噪声控制、附件振动与噪声控制、进气系统振动及噪声控制、排气系统振动与噪声控制、驱动系统振动与噪声控制、动力总成振动与噪声性能集成。 |
| ● |
| 相关链接 |
|
|
|
|
正题名:汽车动力总成振动与噪声控制
索取号:U463.2/1097
 
预约/预借
| 序号 | 登录号 | 条形码 | 馆藏地/架位号 | 状态 | 备注 |
| 1 | 1344294 | 213442942 | 第二样本阅览室/ [索取号:U463.2/1097] | 在馆 | |
| 2 | 1344295 | 213442951 | 第三借阅区/ [索取号:U463.2/1097] | 在馆 | |
| 3 | 1344296 | 213442960 | 第三借阅区/ [索取号:U463.2/1097] | 在馆 | |
| 4 | 1344297 | 213442979 | 第三借阅区/ [索取号:U463.2/1097] | 在馆 |